| 000 | 01643nam a2200409Ia 4500 | ||
|---|---|---|---|
| 001 | ebr10180160 | ||
| 003 | CaPaEBR | ||
| 006 | m u | ||
| 007 | cr cn||||||||| | ||
| 008 | 041103s2005 pau sb 001 0 eng d | ||
| 010 | _z 2004062129 | ||
| 020 | _z1592133991 | ||
| 020 | _z1592133959 (cloth : alk. paper) | ||
| 020 | _z1592133967 (pbk. : alk. paper) | ||
| 040 |
_aCaPaEBR _cCaPaEBR |
||
| 035 | _a(OCoLC)171288915 | ||
| 050 | 1 | 4 |
_aDS119.7 _b.A32 2005eb |
| 082 | 0 | 4 |
_a956.05/3 _222 |
| 100 | 1 | _aAdam, Heribert. | |
| 245 | 1 | 0 |
_aSeeking Mandela _h[electronic resource] : _bpeacemaking between Israelis and Palestinians / _cHeribert Adam and Kogila Moodley. |
| 260 |
_aPhiladelphia : _bTemple University Press, _c2005. |
||
| 300 | _axx, 224 p. | ||
| 490 | 1 | _aPolitics, history, and social change | |
| 504 | _aIncludes bibliographical references (p. [211]-216) and index. | ||
| 533 |
_aElectronic reproduction. _bPalo Alto, Calif. : _cebrary, _d2009. _nAvailable via World Wide Web. _nAccess may be limited to ebrary affiliated libraries. |
||
| 650 | 0 | _aArab-Israeli conflict. | |
| 650 | 0 | _aApartheid. | |
| 650 | 0 |
_aReconciliation _xPolitical aspects _zIsrael. |
|
| 650 | 0 |
_aReconciliation _xPolitical aspects _zSouth Africa. |
|
| 651 | 0 |
_aIsrael _xPolitics and government. |
|
| 651 | 0 |
_aSouth Africa _xPolitics and government. |
|
| 655 | 7 |
_aElectronic books. _2local |
|
| 700 | 1 | _aMoodley, Kogila. | |
| 710 | 2 | _aebrary, Inc. | |
| 830 | 0 | _aPolitics, history, and social change. | |
| 856 | 4 | 0 |
_uhttp://site.ebrary.com/lib/rucke/Doc?id=10180160 _zAn electronic book accessible through the World Wide Web; click to view |
| 999 |
_c144000 _d144000 |
||